Indian Accounting Standards ( IND AS ) And IFRSS For Finance Executives (Record no. 41312)

MARC details
000 -LEADER
fixed length control field 00368nam a2200121Ia 4500
008 - FIXED-LENGTH DATA ELEMENTS--GENERAL INFORMATION
fixed length control field 240719s9999 xx 000 0 und d
041 ## - LANGUAGE CODE
Language code of text/sound track or separate title eng
082 ## - DEWEY DECIMAL CLASSIFICATION NUMBER
Classification number 657.02 GHO
100 ## - MAIN ENTRY--PERSONAL NAME
Personal name Ghosh, T. P.
245 ## - TITLE STATEMENT
Title Indian Accounting Standards ( IND AS ) And IFRSS For Finance Executives
260 ## - PUBLICATION, DISTRIBUTION, ETC.
Place of publication, distribution, etc. New Delhi
Name of publisher, distributor, etc. Taxmann's
Date of publication, distribution, etc. 2011
520 ## - SUMMARY, ETC.
Summary, etc. Gifted By : IMT Faculty Dr.Pawan sir
Holdings
Withdrawn status Lost status Damaged status Not for loan Home library Current library Shelving location Date acquired Cost, normal purchase price Full call number Barcode Date last seen Price effective from Koha item type Public note
        IMTN IMTN Rack 21-A 06/14/2023 1275.00 657.02 GHO 33007 07/19/2024 07/19/2024 Books Gifted
Designed & Maintained by: LRC IMT Nagpur Contact: lrc@imtnag.ac.in© 2024. All Rights Reserved.